00913nam a2200253 a 450000100100000000500170001000800410002702000150006804000250008308200190010810000360012724000320016324500800019526000320027530000110030749000330031850000340035153400410038565000260042665000300045283000400048295201220052299900150064400000471620200929151505.0811009s1980 sp 000 f spa  a8474422124 aDO-SdBNPbspacBNPHU a843.914bG139g1 aGaillard, Robert,d1909-91373210aMarie Galante IIlEspañol10aLa gobernadora de las islas /cRobert Gaillard ; traducción, Lidia Porta. aBarcelona :bA.T.E.,c1980. c20 cm.1 aMaría de las Islasvvol. 4 aLa biblioteca posee el tomo 4 aTítulo original:tMarie Galante II 4aNovela francesa91075 4aLiteratura francesa91074 0aMaría de las Islasvvol. 4913733 001052708MOaGRbGRcCTd2009-07-24iLF1l0o843.914 G139gp4716-10r2020-06-25w2020-06-25y2ZPréstamo interno c4522d4522